Gharām fī Nābūlī. (Record no. 45229)

MARC details
000 -LEADER
fixed length control field 00544cam a22002171 4500
001 - CONTROL NUMBER
control field ne 62001248
003 - CONTROL NUMBER IDENTIFIER
control field DLC
005 - DATE AND TIME OF LATEST TRANSACTION
control field 20260227111737.0
008 - FIXED-LENGTH DATA ELEMENTS--GENERAL INFORMATION
fixed length control field 881028q19601962xx a 000 0 ara
010 ## - LIBRARY OF CONGRESS CONTROL NUMBER
LC control number ne 62001248
035 ## - SYSTEM CONTROL NUMBER
System control number (OCoLC)23499103
040 ## - CATALOGING SOURCE
Original cataloging agency DLC
Transcribing agency MiU
Modifying agency DLC
042 ## - AUTHENTICATION CODE
Authentication code premarc
050 00 - LIBRARY OF CONGRESS CALL NUMBER
Classification number PJ7846.A85
Item number G4
100 1# - MAIN ENTRY--PERSONAL NAME
Personal name Mahdī, Kāmil.
245 10 - TITLE STATEMENT
Title Gharām fī Nābūlī.
260 ## - PUBLICATION, DISTRIBUTION, ETC.
Date of publication, distribution, etc. [196-, 197-]
300 ## - PHYSICAL DESCRIPTION
Extent 119 p.
Other physical details illus.
Dimensions 19 cm.
500 ## - GENERAL NOTE
General note Romanized.
730 0# - ADDED ENTRY--UNIFORM TITLE
Uniform title It started in Naples (Motion picture)

No items available.

Powered by Koha